<?xml version="1.0" encoding="UTF-8"?><?xml-stylesheet type="text/xsl" href="static/style.xsl"?><OAI-PMH xmlns="http://www.openarchives.org/OAI/2.0/" xmlns:xsi="http://www.w3.org/2001/XMLSchema-instance" xsi:schemaLocation="http://www.openarchives.org/OAI/2.0/ http://www.openarchives.org/OAI/2.0/OAI-PMH.xsd"><responseDate>2026-06-06T00:48:53Z</responseDate><request verb="GetRecord" identifier="oai:riuma.uma.es:10630/16202" metadataPrefix="marc">https://riuma.uma.es/rest/oai/request</request><GetRecord><record><header><identifier>oai:riuma.uma.es:10630/16202</identifier><datestamp>2026-02-03T11:48:09Z</datestamp><setSpec>com_10630_2254</setSpec><setSpec>col_10630_37959</setSpec></header><metadata><record xmlns="http://www.loc.gov/MARC21/slim" xmlns:dcterms="http://purl.org/dc/terms/" xmlns:doc="http://www.lyncode.com/xoai" xmlns:xsi="http://www.w3.org/2001/XMLSchema-instance" xsi:schemaLocation="http://www.loc.gov/MARC21/slim http://www.loc.gov/standards/marcxml/schema/MARC21slim.xsd">
   <leader>00925njm 22002777a 4500</leader>
   <datafield ind2=" " ind1=" " tag="042">
      <subfield code="a">dc</subfield>
   </datafield>
   <datafield ind2=" " ind1=" " tag="720">
      <subfield code="a">Infante-Cañete, Lidia</subfield>
      <subfield code="e">author</subfield>
   </datafield>
   <datafield ind2=" " ind1=" " tag="720">
      <subfield code="a">De-la-Morena-Fernández, María Luisa</subfield>
      <subfield code="e">author</subfield>
   </datafield>
   <datafield ind2=" " ind1=" " tag="720">
      <subfield code="a">Sánchez-Sánchez, Ana María</subfield>
      <subfield code="e">author</subfield>
   </datafield>
   <datafield ind2=" " ind1=" " tag="720">
      <subfield code="a">García-Sánchez, María Belén</subfield>
      <subfield code="e">author</subfield>
   </datafield>
   <datafield ind2=" " ind1=" " tag="260">
      <subfield code="c">2018-07-12</subfield>
   </datafield>
   <datafield ind2=" " ind1=" " tag="520">
      <subfield code="a">El bienestar psicológico se puede conceptualizar como la satisfacción personal que obtiene el individuo por el esfuerzo que realiza por mejorar en áreas o procesos implicados en vivir mejor. El bienestar psicológico, desde el modelo de Carol Ryff, transciende más allá de la propia medición  de la satisfacción y señala importantes implicaciones de esta satisfacción como variables predictivas, moduladores tanto en áreas de la salud física y psicológica, como en las relaciones sociales y el ámbito escolar y laboral. El objetivo de este trabajo es estudiar la relación entre el bienestar psicológico en la adolescencia y las siguientes variables de ámbito personal: la calidad del sueño nocturno, las horas de sueño, la realización de algún tipo de ejercicio o actividad física, y el uso de las nuevas tecnologías (pantallas digitales, ordenador, móvil, tablet, etc.). La muestra está compuesta por un total de 448 alumnos/as de ESO y de Bachiller de las provincias de Málaga y Cádiz. Para la evaluación del Bienestar Psicológico se ha utilizado la adaptación española de las Escalas de Bienestar Psicológico de Ryff en su versión reducida. Los resultados muestran cómo variables personales influyen en determinadas áreas del bienestar psicológico, destacando la relación entre el bienestar en la adolescencia y la práctica de algún tipo de actividad física; mostrándose las áreas de autoaceptación y de propósito de vida como las áreas diferenciales del bienestar psicológico en este periodo de la vida. Como conclusión indicar la importancia de mantener un estilo de vida saludable durante la adolescencia, ya que favorece el bienestar psicológico y el desarrollo de áreas concretas que comienzan a conformarse en dicha etapa.</subfield>
   </datafield>
   <datafield ind1="8" ind2=" " tag="024">
      <subfield code="a">https://hdl.handle.net/10630/16202</subfield>
   </datafield>
   <datafield tag="653" ind2=" " ind1=" ">
      <subfield code="a">Adolescentes - Psicología</subfield>
   </datafield>
   <datafield ind2="0" ind1="0" tag="245">
      <subfield code="a">Relaciones entre bienestar psicológico y variables personales  en la adolescencia</subfield>
   </datafield>
</record>
</metadata></record></GetRecord></OAI-PMH>